| 000 | 00702nam a22001577a 4500 | ||
|---|---|---|---|
| 999 |
_c8326 _d8327 |
||
| 008 | 190821b ||||| |||| 00| 0 eng d | ||
| 020 | _a9781864030150 | ||
| 082 | _a302 SCH | ||
| 245 |
_aNot just another business : _b journalists, citizens, and the media. |
||
| 260 |
_aLeichhardt, NSW : _bPluto Press, National Centre for Australian Studies, Monash University, _c1994. |
||
| 300 |
_a 243 p. ; _c22 cm. |
||
| 500 | _aIncludes bibliographical references (p. 225-236) and index. | ||
| 650 | _aJournalism--Australia. Mass media--Social aspects--Australia. Mass media criticism--Australia. Mass media policy--Australia. Freedom of information--Australia. | ||
| 700 | _a Schultz, Julianne | ||
| 942 | _2ddc | ||